LIBRARY & INFORMATION CENTRE, KCAET, TAVANUR

ONLINE PUBLIC ACCESS CATALOGUE (OPAC)

Investment projects in agriculture: principles and case studies / (Record no. 9453)

MARC details
000 -LEADER
fixed length control field 00481cam a2200169ua 4500
020 ## - INTERNATIONAL STANDARD BOOK NUMBER
ISBN 0 582 647118
041 ## - LANGUAGE CODE
Language code of text/sound track or separate title eng
082 ## - DEWEY DECIMAL CLASSIFICATION NUMBER
Classification number 630.209
Item number BEN/IN
100 ## - MAIN ENTRY--AUTHOR NAME
Personal name BBenjamin, Mcdonald P .
245 ## - TITLE STATEMENT
Title Investment projects in agriculture: principles and case studies /
250 ## - EDITION STATEMENT
Edition statement 1 /
260 ## - PUBLICATION, DISTRIBUTION, ETC. (IMPRINT)
Place of publication London :
Name of publisher English Language Book Society ,
Year of publication 1981.
300 ## - PHYSICAL DESCRIPTION
Number of Pages 297 ; .
942 ## - ADDED ENTRY ELEMENTS (KOHA)
Koha item type Books
Holdings
Withdrawn status Lost status Damaged status Home library Current library Date acquired Full call number Accession Number Koha item type
      KAUAET KAUAET 27/03/1987 630.209 16190 Books
free website counter